Music Quiz

Random Music or Artist Quiz

Male Pop Artists by First 3 Letters Quiz Stats

 Plays Quiz not verified by Sporcle

Support Sporcle.
Go Orange.
Score 0/15 Timer 03:00
0 Plays Today
% Correct
Ed Sheeran
96.7%
Elton John
96.2%
Prince
94.1%
Michael Jackson
93.8%
Justin Timberlake
92.8%
George Michael
89.3%
Bruno Mars
87.1%
Pitbull
85.9%
% Correct
John Legend
84.8%
Enrique Iglesias
83.5%
Harry Styles
82%
Billy Joel
80.5%
Robbie Williams
79.1%
Shawn Mendes
71.4%
Calvin Harris
68.9%

You're not logged in!

Compare scores with friends on all Sporcle quizzes.
OR
Log In

From the Vault

MLB 2012 World Series: Detroit vs. San Francisco

by zachup

Someone thought it would be a good idea to take the 2006 and 2010 World Series and just smush them together.
Remove Ads.
Support Sporcle.
Get the best of Sporcle when you Go Orange. This ad-free experience offers more features, more stats, and more fun while also helping to support Sporcle. Thank you for becoming a member.

Show Comments

Extras

Top Quizzes Today


Score Distribution

Your Account Isn't Verified!

In order to create a playlist on Sporcle, you need to verify the email address you used during registration. Go to your Sporcle Settings to finish the process.

Report this User

Report this user for behavior that violates our Community Guidelines.

Details: